000 01661nam a2200397Ia 4500
001 ebr10052879
003 CaPaEBR
006 m u
007 cr cn|||||||||
008 030509s2004 dcu sb 001 0 eng d
020 _z082135485X
040 _aCaPaEBR
_cCaPaEBR
035 _a(OCoLC)54894237
050 1 4 _aHF2651.F27
_bA2326 2004eb
082 0 4 _a382/.41
_221
245 0 0 _aAgriculture and the WTO
_h[electronic resource] :
_bcreating a trading system for development /
_cedited by Merlinda Dador Ingco and John D. Nash.
260 _aWashington, DC :
_bWorld Bank,
_c2004.
300 _axvii, 387 p.
500 _a"A copublication with the World Bank and Oxford University Press."
504 _aIncludes bibliographical references and index.
533 _aElectronic reproduction.
_bPalo Alto, Calif. :
_cebrary,
_d2011.
_nAvailable via World Wide Web.
_nAccess may be limited to ebrary affiliated libraries.
610 2 0 _aWorld Trade Organization.
650 0 _aTariff on farm produce.
650 0 _aProduce trade
_xGovernment policy.
650 0 _aExport subsidies.
650 0 _aFree trade.
650 0 _aProduce trade
_zDeveloping countries.
650 0 _aAgriculture
_xEconomic aspects
_zDeveloping countries.
650 0 _aGlobalization
_xEconomic aspects
_zDeveloping countries.
651 0 _aDeveloping countries
_xEconomic conditions
_y21st century.
655 7 _aElectronic books.
_2local
700 1 _aIngco, Merlinda D.
700 1 _aNash, John,
_d1953-
710 2 _aebrary, Inc.
856 4 0 _uhttp://site.ebrary.com/lib/rucke/Doc?id=10052879
_zAn electronic book accessible through the World Wide Web; click to view
999 _c65087
_d65087